| 000 | 01039nac a22002651u 4500 | ||
|---|---|---|---|
| 010 | _a013391655 | ||
| 020 | _a9780593055786 (hbk.) | ||
| 022 | _a0593055780 (hbk.) | ||
| 082 |
_a070.433092 _bGAR |
||
| 090 |
_c9584 _d9584 |
||
| 100 | _aGardner, Frank, | ||
| 245 |
_aBlood and sand : _blove, death and survival in an age of global terror / _cFrank Gardner. |
||
| 260 |
_aLondon : _bBantam,c. 2006. _cc. 2006. |
||
| 300 |
_axi, 383 p., [16] p. of plates : _b ill. (chiefly col.), ports. (chiefly col.) ; _c24 cm |
||
| 500 | _aFormerly CIP. Uk | ||
| 500 | _aDonations. | ||
| 500 | _aDonations - Lyann Tully. | ||
| 504 | _aIncludes index. | ||
| 511 | _aCatalogued By: Mahitab. | ||
| 600 |
_aGardner, Frank, _d1961- |
||
| 650 | _aTelevision journalists -- Great Britain -- Biography. | ||
| 650 | _aWar correspondents -- Great Britain -- Biography. | ||
| 942 |
_cBB _k070.433092 GAR |
||
| 999 |
_c9584 _d9584 |
||